Bienvenue au Catalogue en Ligne des Bibliothèques de l'Universite du Burundi

Assesment of the teaching of english writing skills and their relative application to students'real life needs at upper level of secondary school in Burundi (Record no. 20817)

000 -GUIDE
Champ de contrôle de longueur fixe 01320nam a22002657a 4500
003 - IDENTITÉ DU NUMÉRO DE CONTRÔLE
Champ de contrôle BI-BuBU
008 - ÉLÉMENTS DE LONGUEUR FIXE - RENSEIGNEMENTS GÉNÉRAUX
Champ de contrôle de longueur fixe 131007t2006 bd ||||dr|||| 000 0 eng d
037 ## - SOURCE D'ACQUISITION
Modalités d'acquisition Don de l'auteur
039 ## - NIVEAU DE CONTRÔLE BIBLIOGRAPHIQUE ET HISTORIQUE D'ENCODAGE [OBSOLETE]
Date creation 20131007091216.0
Nom catalographe Nshimirimana Anne-Marie
040 ## - SOURCE DU CATALOGAGE
Organisme qui a effectué le catalogage original BI-BuBU
Code de la langue utilisée dans le catalogage fre
Organisme qui a effectué la transcription BI-BuBU
041 0# - CODE DE LANGUE
Code de langue du texte/de la piste sonore ou du titre distinct eng
080 ## - INDICE DE LA CLASSIFICATION DÉCIMALE UNIVERSELLE (CDU)
Indice de la Classification décimale universelle 372.880.20
100 1# - VEDETTE PRINCIPALE - NOM DE PERSONNE
Code de relation aut
Nom de personne Nsengiyumva, Maxime
245 10 - MENTION DU TITRE
Titre Assesment of the teaching of english writing skills and their relative application to students'real life needs at upper level of secondary school in Burundi
Mention de responsabilité, etc. by Maxime Nsengiyumva; Muhitira Gaspard, directeur
260 ## - PUBLICATION, DIFFUSION, ETC. (ADRESSE BIBLIOGRAPHIQUE)
Lieu de publication, diffusion, etc. Bujumbura
Nom de l'éditeur, diffuseur, etc. University of Burundi, Institute for Applied Pedagogy
Date of publication, distribution, etc 2006
300 ## - DESCRIPTION MATÉRIELLE
Collation VI-63f.
Dimensions 30 Cm.
500 ## - NOTE GÉNÉRALE
Note générale A thesis submetted in partial fulfilment of the requirements for the degree "Licence en Pédagogie Appliquée, Agrégé de l'Enseignement Secondaire en anglais
650 #7 - VEDETTE-MATIÈRE - NOM COMMUN
Source du terme BI-BuBU
Vedette de sujet ou vedette comportant un nom géographique Anglais (langue)
Subdivision générale Enseignement secondaire
Subdivision géographique Burundi
9 (RLIN) 79221
655 ## - TERME D'INDEXATION - GENRE OU FORME
Source du terme BI-BuBU
Données ou terme dominant sur le genre ou la forme Mémoire
9 (RLIN) 79222
700 1# - VEDETTE SECONDAIRE - NOM DE PERSONNE
Code de relation drt
Nom d'auteur Muhitira, Gaspard
9 (RLIN) 79223
710 ## - VEDETTE SECONDAIRE - NOM DE COLLECTIVITÉ
Code de relation aut
Nom de la collectivité ou nom de lieu comme élément de classement Universitty of Burundi
Collectivité subordonnée Institute for Applied Pédagogy
9 (RLIN) 79224
942 ## - ÉLÉMENTS D'ENTRÉE ADDITIONNELLE (KOHA)
Source de la classification ou du système de rangement
Type d item koha Memoire
Holdings
Statut de retrait Statut de perte Source de la classification ou du système de rangement Statut de déterioration Exclu du prêt Numéro d item Koha Localisation permanente Localisation actuelle Date d'acquisition Source d'acquisition Nombre de prêts Cote Code-barres Date last seen Numéro d'exemplaire Prix en vigueur à partir du Type d item koha
        Not For Loan 32718 Bibliothèque Centrale Bibliothèque Centrale 07/10/2013 Don de l'auteur   372.880.20 NSE. T 5010000313173 07/10/2013 1 07/10/2013 Memoire
© 2019-2026 - Bibliothèques de l'Université du Burundi |Tous droits réservés
home | Pour toute information urgente Contactez nous | tel whatsupp: +25779204313